Top 29 des Pays Les Plus Beaux à visiter - Statistiques

Statistiques générales
  • Ce quiz a été pris 2 173 fois
  • Le résultat moyen est 15 sur 29
Statistiques - réponses
Mois Nom % Correct
4 France
98%
10 Italie
87%
1 Japon
86%
12 Chine
83%
13 Canada
75%
2 États-Unis
74%
5 Allemagne
72%
8 Royaume-Uni
72%
16 Portugal
70%
7 Australie
66%
6 Suisse
61%
15 Corée du Sud
59%
27 Grèce
59%
21 Belgique
56%
19 Suède
55%
18 Finlande
48%
14 Pays-Bas
47%
22 Islande
45%
23 Irlande
44%
29 Pologne
44%
17 Danemark
40%
26 Nouvelle-Zélande
40%
11 Autriche
38%
20 Luxembourg
24%
24 Émirats Arabes Unis
23%
25 République Tchèque
18%
28 Estonie
16%
9 Singapour
14%
3 Grenade
2%
Aucun quiz correspondant
Distribution des résultats
% des personnes avec chaque résultat
Percentile par nombre de réponses
Votre historique - résultats
Vous n’avez pas pris ce quiz